1581 1809 1065 1826 1004 1470 1581 1310 1727 1691 1980 1697 1354 1134 1270 1468 1941 1101 1371 1999 1637 1051 1610 1612 1165 1782 1600 1049 1304 1347 1013 1424 1092 1961 1454 1839 1428 1309 1253 1376 1224 1563 1636 1779 1797 1514 1941 1765 1465 1497 1684 1009 1227 1151 1240 1899 1685 1289 1073 1260 1193 1681 1713 1168 1170 1095 1001 1968 1424 1709 1646 1129 1068 1651 1486 1012 1686 1814 1138 1576 1648 1164 1777 1878 1251 1866 1194 1228 1413 1405 1791 1579 1110 1876 1375 1558 1122 1672 1855 BCNSPRNW ULIB Ver.6.0+V

เปลี่ยนเป็นภาษาไทย

Change to English
 แสดงรายละเอียดบรรณานุกรม
  กลับหน้าหลัก

Brief Record : Get Marc (ISO 2709) : E-mail record : QR code < ปิดหน้าต่าง
LEADER : 00000nam 2200000uu 4500
001    13399110462
003     ULIB
008    110601s2008||||th 000 0 eng d
020    0335223532
024    9780335223534
082 04 WY101^bR289h 2008
245 00 The handbook for advanced primary care nurses^cedited by Rebecca neno and debby price
260    England:^bMcGrawHill^c2008
300    234 p
650  7 Primary care nurese
700 1  Rebecca neno
700 1  debby price
945    ^p0^l0^i030105
995    Kesorn
999 ^a ใช้งานได้ทุกระบบ
รายการนี้ยังไม่มีแท็ก
คุณยังไม่ได้ล็อกอิน คุณสามารถมีกิจกรรมร่วมกับเว็บไซต์ได้ แต่ต้องล็อกอินก่อน ::
  ล็อกอิน

รายการสื่อสารสนเทศ

ลำดับที่ ประเภท เลขเรียก/บาร์โค้ด สถานที่ สถานะ
- ไม่พบข้อมูล -

BibComment


ยังไม่เคยถูกคอมเมนท์

คอมเมนท์ทรัพยากรรายการนี้
  คอมเมนท์: The handbook for ..


 Copyright 2026. Bcnsprnw @Library